Rok Vedeckometodického kabinetu MS

Bibliographic Details
Main Author: Irmler, Ján, 1913-1974 (Author)
Format: Article
Language:Slovak

MARC

LEADER 00000nab a2200000uu 4500
001 vtls011441485
003 SK-MaSNL
005 20260303125918.0
008 230218|1955 xo |||||||||||||||||slo|
015 |a SNBRB 
035 |a (urnnbn)urn:nbn:sk:snk:ar-0030yn 
035 |a (uuid)bbd7650a-f60f-445f-b810-1bf314c61218 
035 |a urn:nbn:sk:snk-abcfpw 
040 |a SNKBUCL  |b slo  |c SNKBUCL  |e AACR2 
041 0 |a slo 
044 |a xo  |c SK 
100 1 |a Irmler, Ján,  |d 1913-1974  |4 aut  |9 10550 
245 1 0 |a Rok Vedeckometodického kabinetu MS  |c Ján Irmler 
773 0 |t Čitateľ : mesačník pre prácu s čitateľmi  |g Roč. 4, č. 12 (1955), s. 531-534 
954 |a odborná, vedecká literatúra pôvodná (slovenská)  |2 lita 
958 |a OND 
958 |a EUIPO 
958 |a article16 
999 |c 1937113  |d 1939043